00651nam a2200205Ia 4500003000400000005001700004008004100021020001800062040001800080041000800098082001800106100002100124245005200145260004200197300002700239650004800266650004000314650004300354650004800397OSt20220607113526.0210716s2012 xx 000 0 und d a9789350042496 cAIMIT LIBRARY aeng a658 21bPITV aPithadia, Vijay. aIntroduction to management /cBy Vijay Pithadia aNew Delhi :bDreamtech Press ,c2012. axxxiii,390p. ;c24 cm. aIntroduction to management and organization aOrganizational design and structure aOrganizational culture and environment aSocial responsibility and managerial ethics